| 000 | 00627nam a2200241 a 4500 | ||
|---|---|---|---|
| 001 | 0001-1250 | ||
| 003 | ELIB.Books | ||
| 008 | 150605 2010 eng | ||
| 020 | _a9780849913865 | ||
| 035 | _a(ELIB.Books)0001-1405 | ||
| 092 |
_a224 _bSwi |
||
| 100 | _aSwindoll, Charles R. | ||
| 245 |
_aElijah: _bThe Man of Herorism and Humility |
||
| 260 |
_aNashville _bThomas Nelson _c2000 |
||
| 300 |
_a179 _c21.5 Cm |
||
| 500 | _aLibrary | ||
| 650 | _aOld Testament ( Prophet) | ||
| 856 |
_nKBTS: Library _uKBTS: Elib |
||
| 942 |
_2ddc _cBK |
||
| 990 | _a1 | ||
| 998 |
_cbat _e2015-06-05 |
||
| 999 |
_c11250 _d11250 |
||